Football Players by Picture #11 - Argentina - Statistics

General Stats
  • This quiz has been taken 7,385 times
    7,384 since last reset
  • The average score is 11 of 16
Answer Stats
Picture Answer % Correct
Lionel Messi
100%
Diego Maradona
98%
Ángel Di María
96%
Sergio Agüero
91%
Paulo Dybala
86%
Gonzalo Higuaín
84%
Javier Mascherano
76%
Diego Simeone
75%
Carlos Tévez
73%
Javier Zanetti
69%
Hernán Crespo
60%
Sergio Romero
60%
Diego Milito
51%
Alfredo Di Stefano
45%
Gabriel Batistuta
39%
Javier Saviola
19%
No matching quizzes found
Score Distribution
Percent of People with Each Score
Percentile by Number Answered
Your Score History
You have not taken this quiz since the last reset